000 00432nab a2200145Ia 4500
003 ES-SlBCS
005 20210601150819.0
008 140529s1960 xxu||||| |||| 00| 0 spa d
041 _aspa
100 1 _aAguilar, R.
_9326921
245 0 0 _aMás sobre virginidad y matrimonio
_c R. Aguilar
650 0 4 _aVirginidad-Matrimonio
_9207204
773 0 _tVida Sobrenatural, la
_gvol. 40, nº. 370, 1960, págs. 274-280
_wRev495
942 _cAR
999 _c747155
_d747155